Global warming : the complete briefing /

Saved in:
Bibliographic Details
Main Author: Houghton, J. T. 1931-
Format: Book
Language:English
Published: Oxford, England ; Elgin, Ill. : Lion, 1994.
Edition:1st ed.
Subjects:
Tags: Add Tag
No Tags, Be the first to tag this record!
LEADER 01272cam a2200385 a 4500
001 009763598-7
005 20160901141723.0
008 950316s1994 enkab b 001 0 eng
010 |a  95127800  
015 |a GB94-47769 
020 |a 0745924581 
020 |a 0745930255 (pbk.) 
020 |a 0732408431 (Australia) 
020 |a 073240844X (Australia : pbk) 
035 0 |a ocm30778996 
040 |a Uk  |c DLC  |d UKM  |d MIA  |d AGL  |d OCLCQ  |d BAKER 
042 |a lccopycat 
050 0 4 |a QC981.8.G56  |b H68 1994 
070 0 |a QC981.8.G56H68  |b 1994 
072 0 |a B200 
082 0 4 |a 551.6  |2 20 
100 1 |a Houghton, J. T.  |q (John Theodore),  |d 1931- 
245 1 0 |a Global warming :  |b the complete briefing /  |c John Houghton. 
250 |a 1st ed. 
260 |a Oxford, England ;  |a Elgin, Ill. :  |b Lion,  |c 1994. 
300 |a 192 p. :  |b ill. (some col.), maps (some col.) ;  |c 25 cm. 
504 |a Includes bibliographical references and index. 
650 0 |a Global warming. 
653 0 |a Global warming 
650 0 |a Climatic changes. 
650 2 |a Greenhouse Effect. 
776 0 8 |i Online version:  |a Houghton, J.T. (John Theodore), 1931-  |t Global warming.  |b 1st ed.  |d Oxford, England ; Elgin, Ill. : Lion, 1994  |w (OCoLC)763147421 
988 |a 20050923 
049 |a MCSS 
906 |0 OCLC